European Countries by Size - Statistics

General Stats
  • This quiz has been taken 1,881 times
  • The average score is 24 of 45
Answer Stats
Hint km² Answer % Correct
17,098,242 km² Russia
100%
577,528 km² Ukraine
96%
551,695 km² France
94%
505,992 km² Spain
93%
449,964 km² Sweden
88%
357,168 km² Germany
86%
385,171 km² Norway
85%
338,145 km² Finland
83%
312,685 km² Poland
83%
301,318 km² Italy
81%
244,820 km² United Kingdom
76%
238,392 km² Romania
74%
207,600 km² Belarus
72%
131,940 km² Greece
66%
110,910 km² Bulgaria
64%
0.44 km² Vatican City
60%
1.95 km² Monaco
57%
61 km² San Marino
56%
160 km² Liechtenstein
54%
468 km² Andorra
53%
93,030 km² Hungary
53%
103,000 km² Iceland
51%
316 km² Malta
51%
2,586 km² Luxembourg
49%
91,568 km² Portugal
49%
83,858 km² Austria
47%
10,908 km² Kosovo
43%
77,453 km² Serbia
42%
13,812 km² Montenegro
41%
20,273 km² Slovenia
37%
70,273 km² Ireland
34%
78,866 km² Czech Republic
33%
64,589 km² Latvia
33%
30,510 km² Belgium
32%
56,594 km² Croatia
32%
65,300 km² Lithuania
32%
51,129 km² Bosnia and Herzegovina
31%
45,339 km² Estonia
31%
25,713 km² Macedonia
31%
41,198 km² Netherlands
31%
28,748 km² Albania
30%
49,036 km² Slovakia
30%
43,094 km² Denmark
28%
41,290 km² Switzerland
28%
33,846 km² Moldova
27%
No matching quizzes found
Score Distribution
Percent of People with Each Score
Percentile by Number Answered
Your Score History
You have not taken this quiz